La natività
שמור ב:
| מחבר ראשי: | |
|---|---|
| פורמט: | ספר |
| שפה: | איטלקית |
| יצא לאור: |
Milán
Hyperion
1900
|
| סדרה: | Galleria di grandi pittori
|
| נושאים: | |
| תגים: |
הוספת תג
אין תגיות, היה/י הראשונ/ה לתייג את הרשומה!
|
MARC
| LEADER | 00000nam a2200000 a 4500 | ||
|---|---|---|---|
| 001 | UCO4069 | ||
| 003 | CL-VaPUC | ||
| 008 | 000728e19000000IT |||||||||||||||||ita|d | ||
| 082 | 0 | 4 | |a 755 |b WEI |2 21 |
| 100 | 0 | |a Weigert, Hans |e author |9 448192 | |
| 245 | 1 | 3 | |a La natività |
| 300 | |a 31 p | ||
| 942 | |c BK | ||
| 945 | |d 20000728 00:00:00 |a crobeson | ||
| 260 | |a Milán |b Hyperion |c 1900 | ||
| 600 | 0 | |a Jesús |9 313614 | |
| 650 | 7 | |a PINTURA RELIGIOSA |2 CL-VaPUC |9 340359 | |
| 650 | 0 | |a Arte religioso |9 330545 | |
| 650 | 0 | |a Iconografía |9 267998 | |
| 583 | |a last modification |c 20000728 00:00:00 |k Rodrigo Vera | ||
| 490 | 0 | |a Galleria di grandi pittori | |
| 999 | |c 290154 |d 290152 | ||
| 952 | |0 0 |1 0 |4 0 |6 755_000000000000000_WEI_1900 |7 0 |8 X |9 339420 |a BIBHIS |b BIBHIS |d 2019-11-20 |i 1203789 |o 755 WEI 1900 |p 1203789 |r 2019-11-20 |w 2019-11-20 |y BK_X |k HIS | ||